The Office (U.S.) - When the Camera Implies the Joke - Statistics

General Stats
  • This quiz has been taken 13 times
  • The average score is 5 of 10
Answer Stats
Hint Season and Episode Answer % Correct
Who ate all the skillets of cheese at last year's Dundies? Season 2, Episode 1 Kevin
73%
What did Creed use to dye his hair so he could look younger? (Hint: The office needs to order more because they are out of it) Season 4, Episode 2 Printer Ink
73%
Who's does the camera work that makes Michael's Diversity Day video hard to hear? Season 1, Episode 2 Dwight
64%
Why is the Princess Unicorn doll that Toby buys from Darryl "even better than the one he wanted"? Season 5, Episode 11 Skin Color
64%
Other than Michael, who has stolen food from Choo's Chinese Food? Season 7, Episode 15 Creed
55%
Who gets snubbed for the Best Dad Dundie? Season 7, Episode 17 Darryl
45%
Which part of the pledge of Allegiance does Oscar not say? Season 7, Episode 24 Under God
45%
Who probably put the suggestion “Don’t sleep with your boss.” into the suggestion box? Season 2, Episode 8 Meredith
36%
The camera gets Pam’s attention and indicates that she should look at Dwight to confirm her Angela/Dwight suspicions. What kind of candy bar is Dwight eating? Season 2, Episode 9 Baby Ruth
18%
The lost and found has gone missing, it itself is lost. What is Creed wearing that shows he may have stolen it? Season 6, Episode 20 Glasses
9%
No matching quizzes found
Score Distribution
Percent of People with Each Score
Percentile by Number Answered
Your Score History
You have not taken this quiz